Normal view
MARC view
- ARATHI N
Entry Personal Name
001 - CONTROL NUMBER
- control field: 7920
003 - CONTROL NUMBER IDENTIFIER
- control field: OSt
005 - DATE AND TIME OF LATEST TRANSACTION
- control field: 20260310122345.0
008 - FIXED-LENGTH DATA ELEMENTS
- fixed length control field: 260310|| aca||aabn | a|a d
040 ## - CATALOGING SOURCE
- Original cataloging agency: OSt
- Transcribing agency: OSt
100 ## - HEADING--PERSONAL NAME
- Personal name: ARATHI N
670 ## - SOURCE DATA FOUND
- Source citation: Work cat.: (OSt)19629: FIBA M 7918, WASTEWATER TREATMENT THROUGH CONSTRUCTED FLOATING WETLAND, 2025
